000 00810nam a2200229 a 4500
001 000025519
005 20251120073732.0
008 110217s1968 dr 000 0 spa d
040 _aDO-SdBNP
_bspa
_cBNPHU
041 1 7 _aspa
_2eng
082 _axxxx
_bM425p
245 0 0 _aMateriales para el estudio de la política y gobierno en la República Dominicana /
_crecopilación e introducción Howard J. Wiarda.
260 _aSantiago, República Dominicana :
_bUCMM,
_c1968.
300 _a142 p. ;
_c18 cm.
490 1 _aEstudios
504 _aIncluye referencias bibliográficas y notas al pie de las páginas
504 _aBibliografía : p. 37-142
700 1 _aWiarda, Howard J.
_947980
710 2 _aPontificia Universidad Católica Madre y Maestra
_9843
830 0 _aEstudios
_93854
049 _aBNPD
999 _c25011
_d25011